গল্পসমগ্র ১ / (Record no. 1715)
[ view plain ]
| 000 -LEADER | |
|---|---|
| fixed length control field | 00661nam a2200205 a 4500 |
| 001 - CONTROL NUMBER | |
| JCCL Control Number | 1715 |
| 003 - CONTROL NUMBER IDENTIFIER | |
| JCCL marc code | BD-JhCC |
| 005 - DATE AND TIME OF LATEST TRANSACTION | |
| control field | 20171023185004.0 |
| 008 - FIXED-LENGTH DATA ELEMENTS--GENERAL INFORMATION | |
| fixed length control field | 171023s2011 bg |||| |||| 000 0 ben d |
| 035 ## - SYSTEM CONTROL NUMBER | |
| system control number | (BD-JhCC)1715 |
| 040 ## - CATALOGING SOURCE | |
| Original cataloging agency | BD-JhCC |
| Modifying agency | BD-JhCC |
| 041 ## - LANGUAGE CODE | |
| Language code of Book | ben |
| 082 ## - DEWEY DECIMAL CLASSIFICATION NUMBER | |
| Classification number | 891.4435 |
| Author mark and Year | HAQ 2011 |
| 100 ## - MAIN ENTRY--PERSONAL NAME | |
| Personal name | হক, হাসান আজিজুল |
| 245 ## - TITLE STATEMENT | |
| Title | গল্পসমগ্র ১ / |
| Statement of responsibility, etc | হাসান আজিজুল হক |
| 260 ## - PUBLICATION, DISTRIBUTION, ETC. (IMPRINT) | |
| Place of publication, distribution, etc | ঢাকা : |
| Name of publisher, distributor, etc | মাওলা ব্রাদার্স ; |
| Date of publication, distribution, etc | ২০১১ |
| 300 ## - PHYSICAL DESCRIPTION | |
| Pagination | ৩১০ পৃ. ; |
| Dimensions | ২২ সে.মি. |
| 650 ## - SUBJECT ADDED ENTRY--TOPICAL TERM | |
| Topical term or geographic name as entry element | Collection of short stories |
| 942 ## - ADDED ENTRY ELEMENTS (KOHA) | |
| Source of classification or shelving scheme | Dewey Decimal Classification |
| Koha item type | Books |
| Source of classification or shelving scheme | Damaged status | Not for loan | Home library | Current library | Date of accession | Total Checkouts | Full call number | Barcode | Date last seen | Date checked out | Copy number | Koha item type |
|---|---|---|---|---|---|---|---|---|---|---|---|---|
| Dewey Decimal Classification | JCC Rouf Library | JCC Rouf Library | 10/23/2017 | 1 | 891.4435 HAQ 2011 | 3106 | 07/03/2024 | 02/19/2024 | C-1 | Books |